[Event "Southend Easter rapid op 67th"]
[Site "Southend"]
[Date "2025.04.17"]
[Round "6"]
[White "Cawdery, John"]
[Black "Latypov, Egor L"]
[Result "1-0"]
[WhiteElo "1831"]
[BlackElo "1795"]
[PlyCount "49"]
[EventDate "2025.04.17"]
[EventType "swiss (rapid)"]
[EventRounds "6"]
[EventCountry "ENG"]
[SourceTitle "CB18_2025"]
[SourceDate "2025.04.30"]
[SourceVersion "1"]
[SourceVersionDate "2025.04.30"]
[SourceQuality "1"]

1. e4 d5 2. exd5 Nf6 3. d4 Bg4 4. Be2 Bxe2 5. Qxe2 Qxd5 6. Nf3 Nc6 7. Nc3 Qh5 8. Bf4 0-0-0 9. 0-0-0 Nd5 10. Nxd5 Qxd5 11. Kb1 f6 12. Bg3 Qf5 13. Rhe1 e5 14. dxe5 Bb4 15. Nh4 Rxd1+ 16. Qxd1 Qg5 17. c3 Rd8 18. Qc2 Bc5 19. exf6 Qxf6 20. Qxh7 Bxf2 21. Rf1 Rd2 22. Nf3 Re2 23. Rxf2 Rxf2 24. Bxf2 b6 25. Qe4 1-0

[Event "Southend Easter rapid op 67th"]
[Site "Southend"]
[Date "2025.04.17"]
[Round "1"]
[White "Cawdery, John"]
[Black "Ponsudhahar, Adit"]
[Result "1-0"]
[WhiteElo "1831"]
[BlackElo "1644"]
[PlyCount "95"]
[EventDate "2025.04.17"]
[EventType "swiss (rapid)"]
[EventRounds "6"]
[EventCountry "ENG"]
[SourceTitle "CB18_2025"]
[SourceDate "2025.04.30"]
[SourceVersion "1"]
[SourceVersionDate "2025.04.30"]
[SourceQuality "1"]

1. e4 d5 2. exd5 Qxd5 3. Nc3 Qa5 4. d4 Nf6 5. Bd3 c6 6. Nf3 Bg4 7. h3 Bh5 8. g4 Bg6 9. Ne5 e6 10. f4 Bd6 11. Nc4 Qc7 12. Qf3 Bxd3 13. Nxd6+ Qxd6 14. Qxd3 Nd5 15. Ne4 Qc7 16. Qa3 Na6 17. Nd6+ Kd8 18. Bd2 Nb6 19. 0-0-0 Qe7 20. Ba5 Rb8 21. c4 Nc7 22. Rhe1 Nc8 23. Bb4 Nxd6 24. Bxd6 Qd7 25. Kb1 Ra8 26. d5 cxd5 27. Bxc7+ Kxc7 28. cxd5 Rhe8 29. Qc3+ Kb8 30. dxe6 Qe7 31. Rd7 Qxd7 32. exd7 Rxe1+ 33. Qxe1 Kc7 34. Qe5+ Kxd7 35. Qxg7 Re8 36. Qxf7+ Re7 37. Qd5+ Kc8 38. Qc5+ Rc7 39. Qxa7 h5 40. g5 h4 41. f5 Rf7 42. Qc5+ Kd7 43. Qd5+ Ke8 44. g6 Re7 45. f6 Re1+ 46. Kc2 Re2+ 47. Kd1 Rxb2 48. Qe5+ 1-0